00783nam a2200205 a 450000500170000000800410001702000180005804000480007604100080012410000190013224500700015126000490022130000180027049000780028850400410036665000560040765000300046365000470049365000370054020210907110424.0120830s2006 be |||gr|||| 00| 0 fre d a9782874550027 aCO-BoUCMbspacDeissy GarciadDeissy Garcia0 afre aCazala, Julien13aLe principe de précaution en droit internationalcJulien Cazala aLouvain-la-Neuve, Bélgica bAnthemisc2006 a497 páginas0 aBibliothèque de l'Institut des hautes études internationales de Paris aIncluye referencias bibliográficas 7aEvaluación de riesgos ambientales xLegislación 7aPrincipio de precaución 7aDerecho ambiental (Derecho internacional)  7aProtección del medio ambiente